Libros becerros de actas y decretos del venerable definitorio de la provincia franciscana de la Santisima Trinidad de Chile: índice de materias y extractos siglo XVIII Tercera Entrega: 1765 - 1799

Saved in:
Bibliografiske detaljer
Hovedforfatter: Ramírez Rivera, Hugo Rodolfo E (Author)
Format: Bog
Sprog:spansk
Udgivet: Santiago Publicaciones del Archivo Franciscano 1993
Fag:
Tags: Tilføj Tag
Ingen Tags, Vær først til at tagge denne postø!

MARC

LEADER 00000nam a2200000 a 4500
001 UCY3187
003 CL-VaPUC
008 941215e19930000CL |||||||||||||||||spa|d
082 0 4 |a 271.3083  |b RAM  |2 21 
100 0 |a Ramírez Rivera, Hugo Rodolfo E  |e author  |9 331420 
245 1 0 |a Libros becerros de actas y decretos del venerable definitorio de la provincia franciscana de la Santisima Trinidad de Chile: índice de materias y extractos siglo XVIII Tercera Entrega: 1765 - 1799 
300 |a 76 p 
942 |c BK 
945 |d 19941215 00:00:00  |a aalvarez 
260 |a Santiago  |b Publicaciones del Archivo Franciscano  |c 1993 
650 0 |a Franciscanos   |9 267404 
651 7 |a CHILE  |2 CL-VaPUC  |9 331421 
583 |a last modification  |c 19941215 00:00:00  |k Rodrigo Vera 
999 |c 231397  |d 231395 
952 |0 0  |1 0  |4 0  |6 271_308300000000000_RAM_1993  |7 0  |8 A  |9 234629  |a BIBTEO  |b BIBTEO  |d 2019-11-15  |i 304369K  |o 271.3083 RAM 1993  |p 304369K  |r 2025-01-17  |w 2019-11-15  |y BK  |k ICR